PVC plastics : Properties,processing and applications /
Guardado en:
| Autor principal: | |
|---|---|
| Formato: | Libro |
| Lenguaje: | inglés |
| Publicado: |
London :
Elsevier,
1990
|
| Etiquetas: |
Sin Etiquetas, Sea el primero en etiquetar este registro!
|
MARC
| LEADER | 00000nam a22000003a 4500 | ||
|---|---|---|---|
| 001 | stu29262 | ||
| 005 | 20150617225738.3 | ||
| 008 | 950607s1990----uk------------------eng-d | ||
| 020 | |a 1-85166-471-8 | ||
| 040 | |a STU |b slo | ||
| 041 | 0 | |a eng | |
| 044 | |a uk | ||
| 080 | |a 668.4 | ||
| 100 | 1 | |a Titow, Witold Victor |4 aut | |
| 245 | 1 | |a PVC plastics : |b Properties,processing and applications / |c [aut]Titow,Witold Victor | |
| 260 | |a London : |b Elsevier, |c 1990 | ||
| 300 | |a 27,902 s | ||
| 996 | |b 284V027760 |c V*43443/O-18836 |l VVT |s A |a 24 |w stu29262_0001 | ||